镇江市地图 Zhenjiang Map Qiuz - Statistics

General Stats
  • This quiz has been taken 34 times
  • The average score is 5 of 6
Answers on the Map
Answers color-coded by a green-red scale on the quiz's map according to % correct below.
 
Answer Stats
Answer % Correct
丹阳市
100%
丹徒区
91%
扬中市
88%
句容市
88%
京口区
82%
润州区
76%
No matching quizzes found
Score Distribution
Percent of People with Each Score
Percentile by Number Answered
Your Score History
You have not taken this quiz